4 meses, 3 semanas y 2 días /

Rumanía, durante los últimos días del comunismo. Otilia y Gabita son estudiantes y comparten habitación en una residencia en Bucarest. Gabita está embarazada, pero no quiere tenerlo. Las jóvenes acuerdan un encuentro con un tal Mr. Bebe en un hotel barato, para que le practique un aborto ilegal. (FI...

Full description

Bibliographic Details
Other Authors: Mungiu, Cristián (Conductor)
Format: VHS
Published: Rumania Zima Entertainment 2007
Subjects:

MARC

LEADER 00000cgm a2200000 a 4500
001 031118
003 UAHC_CL
005 20170803123314.0
008 161103s2007 ro 000 1 ron
040 |a UAHC_CL  |c UAHC_CL  |d UAHC_CL 
245 1 0 |a 4 meses, 3 semanas y 2 días /  |c Cristian Mungiu, dir. 
260 |a Rumania  |c 2007  |b Zima Entertainment 
300 |a 1 dvd. 113 min. 
520 |a Rumanía, durante los últimos días del comunismo. Otilia y Gabita son estudiantes y comparten habitación en una residencia en Bucarest. Gabita está embarazada, pero no quiere tenerlo. Las jóvenes acuerdan un encuentro con un tal Mr. Bebe en un hotel barato, para que le practique un aborto ilegal. (FILMAFFINITY) 
546 |a Texto del libreto en italiano, traducción paralela en español. 
650 4 |a CINE 
700 1 |a Mungiu, Cristián  |e dir. 
900 |a DVD-823 
942 |c VHS 
952 |0 0  |1 0  |4 0  |6 DVD_823  |7 0  |8 Referencia  |9 60671  |a BC  |b BC  |c Referencia  |d 2017-08-03  |l 2  |o DVD-823  |p 1431567  |r 2021-12-01 00:00:00  |s 2019-04-15  |t 1  |w 2017-08-03  |y DVD 
999 |c 31118  |d 31118